| 000 | 00634nam a2200241Ia 4500 | ||
|---|---|---|---|
| 003 | OSt | ||
| 005 | 20220918172913.0 | ||
| 006 | a|||||r|||| 00| 0 | ||
| 007 | ta | ||
| 008 | 220917b |||||||| |||| 00| 0 eng d | ||
| 024 | _a3,967 | ||
| 037 | _cTextual | ||
| 040 |
_aARTS _cARTS _beng |
||
| 041 |
_2eng _aeng |
||
| 082 | _a2wM92, L4;N2 (2D) | ||
| 100 |
_aDudley Edward ed _944015 |
||
| 245 | 0 | _aS R Ranganathan 1992-1972 | |
| 260 |
_aDelhi _bEss Ess pub _c1992 |
||
| 300 |
_a38p _ccm. |
||
| 650 | _aLIBRARY SCIENCE | ||
| 942 |
_h2wM92, L4;N2 (2D) _cTEXL _2CC |
||
| 999 |
_c146289 _d146289 |
||